<?xml version="1.0" encoding="UTF-8"?>
<collection xmlns="http://www.loc.gov/MARC21/slim">
 <record>
  <leader>00649cam a2200205 7i4500</leader>
  <controlfield tag="001">0000057442</controlfield>
  <controlfield tag="005">20080419090000.0</controlfield>
  <controlfield tag="008">080419s2006    nyua                eng   </controlfield>
  <datafield tag="020" ind1="#" ind2="#">
   <subfield code="a">9780415395885 (hbk.) </subfield>
  </datafield>
  <datafield tag="020" ind1="#" ind2="#">
   <subfield code="a">0415395887 (hbk.) </subfield>
  </datafield>
  <datafield tag="090" ind1="0" ind2="0">
   <subfield code="a">HQ 1075 </subfield>
   <subfield code="b">.S7 2006</subfield>
  </datafield>
  <datafield tag="100" ind1="1" ind2="#">
   <subfield code="a">Stearns, Peter N. </subfield>
  </datafield>
  <datafield tag="245" ind1="1" ind2="0">
   <subfield code="a">Gender in world history  </subfield>
   <subfield code="c">Peter N. Stearns.</subfield>
  </datafield>
  <datafield tag="250" ind1="#" ind2="#">
   <subfield code="a">2nd ed..</subfield>
  </datafield>
  <datafield tag="260" ind1="#" ind2="#">
   <subfield code="a">New York: </subfield>
   <subfield code="b">Routledge, </subfield>
   <subfield code="c">2006.</subfield>
  </datafield>
  <datafield tag="490" ind1="0" ind2="0">
   <subfield code="a">Themes in world history</subfield>
  </datafield>
  <datafield tag="650" ind1="0" ind2="0">
   <subfield code="a">Sex role -- </subfield>
   <subfield code="x">History </subfield>
  </datafield>
  <datafield tag="650" ind1="0" ind2="0">
   <subfield code="a">Man-woman relationships -- </subfield>
   <subfield code="x">History </subfield>
  </datafield>
  <datafield tag="650" ind1="0" ind2="0">
   <subfield code="a">Sex differences -- </subfield>
   <subfield code="x">History </subfield>
  </datafield>
  <datafield tag="999" ind1=" " ind2=" ">
   <subfield code="a">1100055243</subfield>
   <subfield code="b">Book</subfield>
   <subfield code="c">Open Shelf</subfield>
   <subfield code="e">KOLEKSI TERBUKA</subfield>
  </datafield>
 </record>
</collection>
